000 00669nam a22002297a 4500
003 UA-OsUOA
001 94794
007 ta
008 20130218b un ||||| |||| 00| 0 ukr d
100 _aДостоевский Ф.
090 _a821.161.1
_bД70
942 _cBK
040 _aUA-OsUOA
_brus
_cUA-OsUOA
_dUA-OsUOA
245 _aПреступление и наказание
_bроман
300 _a560 с.
955 _a3
041 _arus
080 _a821.161.1
260 _aЛенинград
_bХудожественная литература
_c1974
650 7 _a82 Література. Літературознавство
_2UDC
999 _c381039
_d381039